000 00664nam a2200289Ia 4500
005 20260324144526.0
008 008 260324s9999 xx 000 0 eng d
020 _a9781315791821
037 _aEBOOK
040 _aCRL
040 _beng
040 _cCRL
041 _2eng
041 _aeng
084 _qCRL
100 _aJeffrey K. Zeig
_9822238
245 0 _aEvolution Of Psychotherapy
245 4 _bThe 1st Conference
260 _bTaylor and Francis
260 _c1987
365 _a
365 _b220
856 _uhttp://www.taylorfrancis.com/books/9781315791821
942 _cEBOOK
999 _c1826369
_d1826369